000
00300nam a22001337a 4500
020
_a
817053134-9
082
_a
912
_b
TTK/T
245
_a
THE MODERN SCHOOL ATLAS
_b
GEOGRAPHY
246
_a
THE MODERN SCHOOL ATLAS
_b
GEOGRAPHY
300
_a
92
520
_a
GEOGRAPHY
650
_a
GEOGRAPHY
942
_c
BK
999
_c
1662
_d
1662